| 000 | 01191nam a2200313 a 4500 | ||
|---|---|---|---|
| 001 | vtls000196151 | ||
| 003 | NLI | ||
| 005 | 20210602113030.0 | ||
| 008 | 101125s1975 miua 101 0 eng | ||
| 020 |
_a0250401134 : _cUSD 22.50 |
||
| 039 | 9 |
_y201011252323 _zVLOAD |
|
| 040 | 0 |
_aNLI _beng _cDatasoft 1 _eAACR2 |
|
| 041 | 0 | _aeng | |
| 044 | _amiu | ||
| 082 | 0 | 4 | _a333.7082 |
| 111 | 2 |
_aCornell Agricultural Waste Management Conference _n(7th : _d1975). _9374445 |
|
| 245 | 1 | 0 |
_aEnergy, agriculture and waste management : _bproceedings of the 1975 Cornell Agricultural Waste Management Conference / _cedited by William J. Jewell |
| 260 |
_aAnn Arbor, Mich. : _bAnn Arbor Science Publishers, _cc1975 |
||
| 300 |
_aix, 540 p. : _bill. ; _c24 cm. |
||
| 504 | _aIncludes bibliographical references and index | ||
| 650 | 0 |
_aAgricultural wastes _vCongresses _952689 |
|
| 700 | 1 |
_aJewell, William J., _4edt _9374446 |
|
| 887 | _a | ||
| 901 |
_a428273 _b11.10.1976 |
||
| 902 | _aE 333.7082 C 76 e | ||
| 942 |
_2ddc _cBKS |
||
| 949 |
_AVIRTUAITEM _D10000 _X100 _6PUR000428273ENG |
||
| 999 |
_aVIRTUA40 _c200067 _d200067 |
||
| 999 | _aVTLSSORT0080*0200*0400*0410*0440*0820*1110*2450*2600*3000*5040*6500*7000*9010*9020*9490*9991 | ||